| 000 | 00779nam a22001937a 4500 | ||
|---|---|---|---|
| 003 | BD-DhUL | ||
| 005 | 20160824162320.0 | ||
| 008 | 160822b2007 bg a|||| |||| 000 0 b d | ||
| 020 | _a9840802194 | ||
| 040 |
_aBD-DhUL _cBD-DhUL |
||
| 082 | 0 |
_a385.0954 _bKAP |
|
| 100 | 1 | _aকবির, দিনাক সোহানী | |
| 245 | 1 |
_aপূর্ববাংলার রেল োয়ের ইতিহাস ১৮৬২-১৯৪৭ / _bকবির, দিনাক সোহানী |
|
| 260 |
_aঢাকা : _bএকাডেমিক প্রেস পাবলিশার্স , _c২০০৭। |
||
| 300 |
_a৩৪৬ পৃঃ : _bচিত্র ; _c২০ সে.মি. |
||
| 650 | 0 | _aইতিহাস | |
| 650 | 0 | _aHistory | |
| 942 |
_2ddc _cBK |
||
| 999 |
_c101434 _d101434 |
||